00599nam a2200169 a 450000100100000000500170001000800410002704000250006808200160009324500240010926000420013330000300017571000840020504900090028995201140029899900170041200002815220200930031407.0110407s1995 dr c 000 0 spa d aDO-SdBNPbspacBNPHU axxxxbM533a00aMemoria anual 1995. aSanto Domingo :bFONDOMICRO,c[1995]. a26 p. :bretrs. ;c25 cm.1 aRepública Dominicana.bFondo para el Financiamiento de la Microempresa955153 aBNPD 0010718PDaPDbPDcCTd2011-04-07iLF1l0oxxxx M533ap28152-10r2020-06-25w2020-06-25yLFPDZNo se presta c27644d27644